00778 a2200205 4500010001400000020002600014035001300040037001600053082001100069090001700080100002100097245009500118260004500213270006300258300002300321500004900344942002600393999001700419952013600436 aENG-89128 a9780195695717c395.00 aEN-72661 bDBAD / PUB14a300.72 c10340d103401 aBhargava, Rajeev1 aIndividualism in social science :cby Rajeev Bhargavabforms and limits of a methodology / aNew DelhibOxford University Pressc2008 aYMCA Library Building, Jai Singh RoadbNew Delhie110 001 a271p.c22cm (pbk) aIncludes bibliographial references and index adplcENk300.72 / BHA c10081d10081 00102ddc40718NFICaDBADbDBADeDBAD/PUBg395.00l0o300.72 BHApEN-72661r2008-09-15 00:00:00t1u11105v395.00w2008-09-15yEN